Villancicos que se cantaron en la... Cathedral de la Puebla... en los maytines de la Assumpción de María Santíssima Señora Nuestra

Detalles Bibliográficos
Autor principal: MONTOYA,Y CARDENAS PONCE De LEON, Ambrosio
Formato: Libro
Publicado: Puebla
Materias:
Colección:Banco de datos
Acervo:Biblioteca Nacional de Antropología e Historia. Fondo Conventual
Tema general:Música
Notas:Regular. XIII,4,23. Miscelánea formada por 30 obras.
LEADER 00858nam a22001930004500
035 |a 12986 
036 |a 532 
100 1 |a MONTOYA,Y CARDENAS PONCE De LEON, Ambrosio 
245 1 0 |a Villancicos que se cantaron en la... Cathedral de la Puebla... en los maytines de la Assumpción de María Santíssima Señora Nuestra 
260 |a Puebla  |b ed.Antonio de zerdio y Cuellar y Miguel Zeran Zapata, imp. Diego Fernández de León 
500 |a Regular. XIII,4,23. Miscelánea formada por 30 obras. 
650 1 0 |a Música 
949 |a B.N.A.H. 
959 |a Biblioteca Nacional de Antropología e Historia. Ciudad de México  |b CCC1 
960 |a Colección General de B.N.A.H. de la ciudad de México  |b DD58 
961 |a Varias Ordenes Religiosas  |b VO 
942 |c B.N.A.H. 
943 |g Biblioteca Nacional de Antropología e Historia. Fondo Conventual 
999 |c 1037518  |d 1037518